000 00540nam a2200205Ia 4500
005 20260429112145.0
008 260429s9999||||xx |||||||||||||| ||und||
020 _a9781071635322
041 _aEnglish
082 _a579.25
_bPER
100 _aPerez, Daniel R.
245 0 _aReverse genetics of RNA viruses :
_bmethods and protocols /
_cDaniel R. Perez
250 _a2nd ed.
260 _aNew York :
_bHumana Press,
_c2024.
300 _ax, 272 p.; hb
650 _a RNA
650 _a Viruses
650 _aGenetics
942 _cTB
999 _c52646
_d52646